00577nam a2200169Ia 4500003000900000008004100009040001600050080002200066100002400088245010700112260005000219300002300269490003400292650002000326650001800346650004300364IN-BaIIA211028s9999 xx 000 0 eng d cIIA Library a084.4:524.31bARG aArgelander, F. W. A 0aAtlas des nordlichen gestirnten himmels fur den anfang des jahres 1855(in German)cF. W. A. Argelander aBonn, BerlinbFerdinand Dummlers Verlagc1966 a[various pagings.] aBonner Starkaten Zweite Serie a Atlas-Stars  a Stars Atlas aAstronomy and Astrophysics Thesaurus